000
00294nam a2200121Ia 4500
008
190415s9999 xx 000 0 und d
082
_a
RK.0090
100
_a
Kothari, V.N.
245
0
_a
Economic benefits of rural electrification in Gujarat
260
_c
1975
300
_a
230p.
942
_c
BK
999
_c
13017
_d
13017